Language Quiz

Random Language or Letter Quiz

2 Words 1 Ending Quiz Stats

 Plays Quiz Updated Jul 15, 2013

Challenge
Share
Tweet
Embed
Score 0/28 Timer 06:00
2 Plays Today
% Correct
amp
74.6%
orn
73.5%
rth
73.4%
per
73.4%
ath
73.4%
eat
72.4%
ror
71.7%
ead
71.3%
ion
71.1%
uth
70.7%
ese
70.4%
ver
69.8%
nar
69.7%
ose
69.6%
% Correct
own
69.2%
dly
68.8%
ach
66.3%
ard
64.6%
fer
63.9%
tar
63.7%
lse
63.8%
int
63.3%
wed
62.8%
rch
60.8%
ent
60.8%
ase
58.6%
det
58.1%
use
46.7%

You're not logged in!

Compare scores with friends on all Sporcle quizzes.
Join for Free
OR
Log In

You Might Also Like...

Show Comments

Extras

Top Quizzes Today


Score Distribution

Your Account Isn't Verified!

In order to create a playlist on Sporcle, you need to verify the email address you used during registration. Go to your Sporcle Settings to finish the process.

Report this User

Report this user for behavior that violates our Community Guidelines.

Details: